Obálka Náhled e-knihy:
PDF Epub
Pro půjčování e-knih musíte být přihlášeni.
Jak si půjčit online?

Muž z Brna na Onom Světě /

Druhý román humorné krimisérie české autorky přesouvá místo činu na Šumavu.

Uloženo v:
Série:Muž z Brna, část 2
Hlavní autor: Klabouchová, Petra, 1980- (Autor)
Médium: E-kniha
Jazyk:Czech
Vydáno: V Praze : Motto, 2026
Vydání:1. vydání
Témata:
Příbuzné jednotky:Z cyklu:: Muž z Brna
Tagy:
Žádné tagy
LEADER 02295nam a2200409 i 4500
001 312944
003 CZ PrSKC
005 20260601215731.0
007 ta
008 260416s2026 xr g 000 f cze
015 |a cnb003750888 
020 |a 9788026760597  |q (vázáno) :  |c Kč 399,00 
040 |a ABG001  |b cze  |d ABA001  |e rda 
072 7 |a 821.162.3-3  |x Česká próza  |2 Konspekt 
080 |a 821.162.3-31  |2 MRF 
080 |a (0:82-311.5)  |2 MRF 
100 1 |a Klabouchová, Petra,  |d 1980-  |7 ola2006345384  |4 aut 
245 1 0 |a Muž z Brna na Onom Světě /  |c Petra Klabouchová 
250 |a 1. vydání 
264 1 |a V Praze :  |b Motto,  |c 2026 
300 |a 278 stran ;  |c 21 cm 
336 |a text  |b txt  |2 rdacontent 
337 |a bez média  |b n  |2 rdamedia 
338 |a svazek  |b nc  |2 rdacarrier 
520 2 |a Druhý román humorné krimisérie české autorky přesouvá místo činu na Šumavu.  |b Josef Ječmínek přežil Brno, tak už by ho nemělo nic překvapit. Z bezpečnostních důvodů je však odklizen na Šumavu, kde v utajení zastává funkci mluvčího chráněné krajinné oblasti Onen Svět. Parta místních podivínů mu to ale moc neusnadňuje. Tím spíš, když v osadě dojde k vraždě seniora z Prahy a Josef se stane hlavním podezřelým a hvězdou televizní reality show Česko hledá vraha. Navíc mu jde po krku Američan pátrající po dávném šumavském tajemství, které může ovlivnit pohled na moderní dějiny lidstva. Nakladatelská anotace. 
655 7 |a české romány  |7 fd133974  |2 czenas 
655 7 |a humoristické romány  |7 fd132431  |2 czenas 
655 9 |a Czech fiction  |2 eczenas 
655 9 |a humorous novels  |2 eczenas 
710 2 |a Motto (nakladatelství)  |7 xx0183724  |4 pbl 
787 0 8 |i Z cyklu:  |t Muž z Brna  |g 2 
900 |a ABA001  |b 21 
928 9 |a Albatros Media - Motto 
044 |a xr 
910 |a RBIT002 
998 |d 426029  |a https://core.palmknihy.cz/api/books/426029/cover?tcsjkn  |b https://core.palmknihy.cz/api/books/426029/cover/400?tcsjkn  |c https://core.palmknihy.cz/api/books/426029/cover/50?tcsjkn  |e 2035-12-31  |g 280  |i 9788026760597  |j https://core.palmknihy.cz/api/books/426029/preview.epub  |k https://core.palmknihy.cz/api/books/426029/preview.pdf  |l   |q 49  |r 1  |s https://www.palmknihy.cz/kniha/426029  |t ebook  |y 2026  |z 0  |v Muž z Brna  |w 2 
999 |d 312942